Czy rozpoznasz serial po postaciach? - Statystyki

Ogólne statystyki
  • Ten quiz został rozwiązany 195 razy
  • Średni wynik to 4 z 15
Statystyki odpowiedzi
Postać Serial % Poprawnych
Walter White Breaking Bad
66%
Rick Sanchez Rick and Morty
60%
Chandler Bing Friends
53%
Jon Snow Game of Thrones
53%
Steve Harrington Stranger Things
53%
Jaskier Witcher
53%
Wells Jaha The 100
17%
Carol Peletier The walking dead
16%
Rollo Lothbrok Vikings
16%
Jay Bilzerian Big mouth
10%
Kenny McCormick South Park
7%
Jakob Nyman Sex Education
6%
Nikolai Fomin Chernobyl
3%
Cara Dune The Mandalorian
1%
Alicia Sierra Paper from House
0%
Nie znaleziono quizów pasujących do podanych kryteriów
Rozkład punktacji
Procent ludzi z każdym wynikiem
Percentyl według liczby udzielonych odpowiedzi
Twoja historia wyników
Nie rozwiązałeś tego quizu